Ajuste por inflación y remedición de activos (Registro nro. 6113)

Detalles MARC
000 -LEADER
fixed length control field 01647 a2200241 4500
001 - CONTROL NUMBER
control field 57111
005 - DATE AND TIME OF LATEST TRANSACTION
control field 20260407155833.0
008 - FIXED-LENGTH DATA ELEMENTS--GENERAL INFORMATION
fixed length control field 260407a2019 arg spa d
003 - CONTROL NUMBER IDENTIFIER
control field AR-UNSa-BCEJYS
040 ## - CATALOGING SOURCE
Original cataloging agency AR-UNSa-BCEJYS
Language of cataloging spa
Transcribing agency AR-UNSa-BCEJYS
080 ## - UNIVERSAL DECIMAL CLASSIFICATION NUMBER
Universal Decimal Classification number 657.23
Common auxiliary subdivision Compensaciones. Correcciones. Ajustes (devaluación monetaria)
020 ## - INTERNATIONAL STANDARD BOOK NUMBER
International Standard Book Number 978-987-716-102-1
041 ## - LANGUAGE CODE
Language code of text/sound track or separate title spa
100 1# - MAIN ENTRY--PERSONAL NAME
Personal name Torres, Carlos Federico
245 10 - TITLE STATEMENT
Title Ajuste por inflación y remedición de activos
250 ## - EDITION STATEMENT
Edition statement 2a. ed.
264 #1 - PRODUCTION, PUBLICATION, DISTRIBUTION, MANUFACTURE, AND COPYRIGHT NOTICE
Place of production, publication, distribution, manufacture Buenos Aires :
Name of producer, publisher, distributor, manufacturer Osmar D. Buyatti
Date of production, publication, distribution, manufacture, or copyright notice 2019
300 ## - PHYSICAL DESCRIPTION
Extent 278 p.
Dimensions 22 cm.
505 ## - FORMATTED CONTENTS NOTE
Formatted contents note 1. La inflación como fenómeno económico y su impacto en la información contable – 2. Reseña histórica del ajuste contable por inflación en la Argentina hasta su actual restablecimiento – 3. La resolución 539/18 de la FACPCE – 4. Métodos de reexpresión de estados contables – 5. Tratamiento contable del impuesto a las ganancias en el ajuste por inflación – 6. Los resultados financieros y por tenencia – 7. Cuestiones particulares relacionadas con la reexpresión de algunos activos y pasivos no monetarios – 8. Reexpresión de los componentes del patrimonio neto – 9. El estado de flujo de efectivo en moneda homogénea – 10. Caso práctico de aplicación del ajuste en los cuatro estados contables – 11. Caso práctico integral – 12. Normas de la resolución técnica N° 48 sobre medición de activos – 13. Normas de las NIC N° 29
590 ## - LOCAL NOTE (RLIN)
Local note niveau_biblio:m niveau_hierar:0
856 41 - ELECTRONIC LOCATION AND ACCESS
Uniform Resource Identifier <a href="https://biblioeco.unsa.edu.ar/pmb/images/libros/L128673.jpg">https://biblioeco.unsa.edu.ar/pmb/images/libros/L128673.jpg</a>
Link text Imagen de portada
Electronic format type image/jpeg
942 ## - ADDED ENTRY ELEMENTS (KOHA)
Koha item type
Existencias
Withdrawn status Lost status Damaged status Not for loan Home library Current library Shelving location Date acquired Total checkouts Full call number Barcode Date last seen Price effective from Koha item type
        Biblioteca Prof. Eusebio Cleto del Rey Biblioteca Prof. Eusebio Cleto del Rey   07/04/2026   657.23 T689 2ed. L128673 07/04/2026 07/04/2026 Libro
        Biblioteca Prof. Eusebio Cleto del Rey Biblioteca Prof. Eusebio Cleto del Rey   07/04/2026   657.23 T689 2ed. L128674 07/04/2026 07/04/2026 Libro
        Biblioteca Prof. Eusebio Cleto del Rey Biblioteca Prof. Eusebio Cleto del Rey   07/04/2026   657.23 T689 2ed. L128675 07/04/2026 07/04/2026 Libro